LEADER 01421nam--2200469---450- 001 990001402710203316 005 20090212114837.0 010 $a88-203-2653-1 035 $a000140271 035 $aUSA01000140271 035 $a(ALEPH)000140271USA01 035 $a000140271 100 $a20040209d2003----km-y0enga50------ba 101 0 $aita 102 $aIT 105 $ay|||z|||001yy 200 1 $aEconomia monetaria$emoneta, credito, attivitą produttiva$fGiovanni Battista Pittaluga 205 $a2. ed 210 $aMilano$cHoepli$d2003 215 $a518 p.$d24 cm 606 0 $aPolitica monetaria$xTeorie 676 $a339.5301 700 1$aPITTALUGA,$bGiovanni Battista$0115653 801 0$aIT$bSalbc$cISBD 912 $a990001402710203316 951 $a339.530 PIT 1 (IEP II 282)$b12156 E.C.$cIEP II$d00093393 951 $a300 332.46 PIT$b11112 DISES 951 $a300 332.46 PIT$b11113 DISES 959 $aBK 969 $aECO 969 $aDISES 979 $aMARIA$b10$c20040209$lUSA01$h1025 979 $aALESSANDRA$b90$c20040302$lUSA01$h1009 979 $aALESSANDRA$b90$c20040302$lUSA01$h1258 979 $aPATRY$b90$c20040406$lUSA01$h1739 979 $aRSIAV3$b90$c20090212$lUSA01$h1148 979 $c20121027$lUSA01$h1548 979 $c20121027$lUSA01$h1601 979 $c20121027$lUSA01$h1610 996 $aEconomia monetaria$952504 997 $aUNISA DEB $aUSA12171 LEADER 01633nam 2200493 450 001 9910807891603321 005 20240119115133.0 010 $a1-118-88180-X 010 $a1-119-12559-6 010 $a1-118-88179-6 035 $a(PPN)275047296 035 $a(CKB)24989754800041 035 $a(Au-PeEL)EBL7104178 035 $a(MiAaPQ)EBC4875246 035 $a(OCoLC)974035730 035 $a(EXLCZ)9924989754800041 100 $a20170707h20172017 uy 0 101 0 $aeng 135 $aur||||||||||| 181 $2rdacontent 182 $2rdamedia 183 $2rdacarrier 200 10$aSeismic data interpretation using digital image processing /$fAbdullatif A. Al-Shuhail, Saleh A. Al-Dossary, Saudi Aramco, Wail A. Mousa 210 1$aHoboken, New Jersey :$cWiley,$d2017. 210 4$d2017 215 $a1 online resource (233 pages) $cillustrations 320 $aIncludes bibliographical references and index. 606 $aImage processing$xDigital techniques 606 $aPetroleum$xProspecting$xData processing 606 $aSeismic reflection method 615 0$aImage processing$xDigital techniques. 615 0$aPetroleum$xProspecting$xData processing. 615 0$aSeismic reflection method. 676 $a551.220287 700 $aAl-Shuhail$b Abdullatif Abdulrahman$f1962-$01658634 702 $aAl-Dossary$b Saleh A.$f1965- 702 $aMousa$b Wail Abdul-Hakim 801 0$bMiAaPQ 801 1$bMiAaPQ 801 2$bMiAaPQ 906 $aBOOK 912 $a9910807891603321 996 $aSeismic data interpretation using digital image processing$94012778 997 $aUNINA